000 01420nam2a2200277 4500
001 RU\NLR\bibl\1859939
005 20250616182516.0
010 _a978-5-85291-078-3
_9100
021 _aRU
_b2011-102246
_97316
035 _a(NLR Aleph) 001849843
090 _a2386660
_c2386660
100 _a20120124d2011 |||y0rusy50 ca
101 0 _arus
102 _aRU
105 _aa |||||||||
200 0 _aВып. 10
_eсборник научных трудов
_fМ-во образования и науки Рос. Федерации, Федер. гос. бюджет. образоват. учреждение высш. проф. образования Гос. акад. славян. культуры
_g[отв. ред. и сост.: С.И. Бажов, к. филос. н., проф.]
210 _d2011
_aБ. м.
215 _a204 с., [5] л. ил., цв. ил.
320 _aБиблиогр. в примеч. в конце ст.
461 0 _1001RU\NLR\bibl\542110
_12001#$aВопросы культурологии$vВып. 10
_91373102
_cМ.
_d2003
_fМ-во образования Рос. Федерации, Гос. акад. славян. культуры
_nГАСК
_oСб. аспирант. работ
_tВопросы культурологии
_vВып. 10
702 1 _aБажов
_bС. И.
_4220
801 0 _aRU
_bNLR
_c20120124
_gRCR
801 1 _aRU
_bNLR
_c20120124
942 _cBOOK
980 _aNB